000 00717nam a22002057a 4500
999 _c62319
_d62319
005 20240925150229.0
008 240925s2019 enk||||| |||| 00| 0 eng d
020 _a9781119271710x
041 _aeng
080 _a611/612+617 E-75
245 _aEssential Physiology for Dental Students /
_cEditor Kamran Ali, Elizabeth Prabhakar.
264 _aOxford :
_bWiley-Blackwell,
_c2019.
300 _a240 p.:
_bill.;
_c25 cm.
653 _aფიზიოლოგია
653 _aსტომატოლოგია
653 _aმედიცინა
700 _aKamran, Ali
_eრედაქტორი
_923284
700 _aPrabhakar, Elizabeth
_eრედაქტორი
_923285
942 _2udc
_cBK